| 000 | 00694cab a2200205 4500 | ||
|---|---|---|---|
| 001 | ABS37678 | ||
| 008 | 090401t1987 xxu||||| |||| 00| 0 eng d | ||
| 035 | _a(Sirsi) u6113 | ||
| 041 | _aeng | ||
| 100 | _aMiles, L. | ||
| 245 | _aWhy Hull is gambling on its estates | ||
| 260 | _c1987 | ||
| 350 | _a0 | ||
| 490 |
_aSurveyor _v(Public Works Weekly) 168(4945) 21 May 1987, 12-14 |
||
| 520 | _aDescribes the large-scale refurbishment of a concrete panel housing system on the Thornton Estate, Hull. This was the first time the refurbishment of a concrete panel system had been attempted. | ||
| 650 | _aSYSTEM BUILDING | ||
| 690 |
_aRefurbishment _96264 |
||
| 942 | _n0 | ||
| 948 | _c04/03/1997 | ||
| 999 |
_c3669 _d3669 |
||